LEADER 00697nam a2200193 i 4500 001 000000020934 003 CaOOAMICUS 005 20241118144411.0 008 180830s1972 it u000 u ita u 040 $aSeMil$bita 245 13$a2: Comunicazioni. 264 1$aMilano :$bGiuffrè,$c1972. 300 $a2 v. ;$c25 cm 773 0 $tChiesa dopo il Concilio.$dMilano : Giuffrè, 1972.$kPubblicazioni della Facoltà di giurisprudenza dell'Università di Roma$w()27758 774 0 $tVol. 1.$w()217372 774 0 $tVol. 2.$w()217374 996 $6245$a2: Comunicazioni$9(OLS)http://semarc/title/441774 996 $6264$aMilano :$bGiuffrè$9(OLS)http://semarc/publisher/29926